000 01907nam0a2200433 4500
001 RU\NLR\bibl\285871
005 20260405072604.0
010 _a5-7107-4704-1
_910000
021 _aRU
_b2002-10593
_9525
035 _a(NLR Aleph) 000281297
090 _a1646123
_c1646123
100 _a20020703d2002 |||y0rusy50 ca
101 0 _arus
102 _aRU
105 _aa |||||||||
200 1 _aКонтрольные и проверочные работы по химии
_e10-11-е кл.
_eМетод. пособие
_fН. Н. Гара, М. В. Зуева
205 _a5-е изд., перераб. и доп.
210 _aМ.
_cДрофа
_d2002
215 _a157, [1] с.
_d20
300 _aЗагл. обл.: Новые контрольные и проверочные работы по химии
512 1 _6z45790
_aНовые контрольные и проверочные работы по химии
606 0 _aХимия
_jМетодические пособия
_xКонтрольные работы
_xСредняя школа
_92165908
_3RU\NLR\auth\661303213
610 0 _aХимия - Письменные работы учащихся
675 _a373.167.1:54
_v3
_zrus
675 _a54(075.3)
_v3
_zrus
686 _a14.25
_2rugasnti
686 _a24я721
_2rubbk
686 _aЧ426.57-28
700 1 _4070
_8rus
_7ca
_aГара
_bН.Н.
_gНаталья Николаевна
_3RU\NLR\auth\7719284
_92356
701 1 _4070
_8rus
_7ca
_aЗуева
_bМ.В.
_gМарта Васильевна
_3RU\NLR\auth\7719317
_92389
790 1 _6z45
_aГара
_bН. Н.
_gНаталья Николаевна
_4070
790 1 _6z45
_aЗуева
_bМ. В.
_gМарта Васильевна
_4070
801 0 _aRU
_bRKP
_c20020703
_gPSBO
801 1 _aRU
_bRKP
_c20020703
801 2 _aRU
_bNLR
_c20040627
_grcr
942 _cBOOK
980 _aNB